[Event "Oberliga Nord O 1213"]
[Site "Germany"]
[Date "2012.12.09"]
[Round "4.5"]
[White "Becker, Walter"]
[Black "Sroczynski, Maciej"]
[Result "1/2-1/2"]
[WhiteElo "2327"]
[BlackElo "2271"]
[PlyCount "61"]
[EventDate "2012.10.17"]
[EventType "team-tourn"]
[EventRounds "9"]
[EventCountry "GER"]
[SourceTitle "EXT 2015"]
[Source "ChessBase"]
[SourceDate "2014.11.20"]
[SourceVersion "1"]
[SourceVersionDate "2014.11.20"]
[SourceQuality "1"]
[WhiteTeam "Lasker Steglitz"]
[BlackTeam "Ruedersdorf"]
[WhiteTeamCountry "GER"]
[BlackTeamCountry "GER"]

1. e4 c5 2. Nf3 e6 3. d3 Nc6 4. g3 g6 5. Bg2 Bg7 6. 0-0 Nge7 7. c3 e5 8. Be3 d6 9. d4 exd4 10. cxd4 0-0 11. Nc3 b6 12. h3 Ba6 13. Re1 Re8 14. Qa4 Qc8 15. Rad1 Na5 16. Bf4 Nc4 17. Bf1 cxd4 18. Nxd4 Nxb2 19. Qxa6 Nxd1 20. Rxd1 Bxd4 21. Rxd4 Qxc3 22. Rxd6 Nc6 23. Qb5 Nd4 24. Qd5 Ne6 25. Bh6 Rad8 26. e5 Qc5 27. Qb7 Qxe5 28. Rxd8 Rxd8 29. Qxa7 g5 30. Qe7 Qe4 31. Bxg5 1/2-1/2

[Event "Oberliga Nord O 1213"]
[Site "Germany"]
[Date "2012.11.26"]
[Round "3.4"]
[White "Becker, Walter"]
[Black "Lundin, Jan"]
[Result "1/2-1/2"]
[WhiteElo "2327"]
[BlackElo "2245"]
[PlyCount "47"]
[EventDate "2012.10.17"]
[EventType "team-tourn"]
[EventRounds "9"]
[EventCountry "GER"]
[SourceTitle "EXT 2015"]
[Source "ChessBase"]
[SourceDate "2014.11.20"]
[SourceVersion "1"]
[SourceVersionDate "2014.11.20"]
[SourceQuality "1"]
[WhiteTeam "Lasker Steglitz"]
[BlackTeam "Berlin SF"]
[WhiteTeamCountry "GER"]
[BlackTeamCountry "GER"]

1. e4 c6 2. d4 d5 3. e5 Bf5 4. Nf3 e6 5. Be2 c5 6. 0-0 Nc6 7. Be3 cxd4 8. Nxd4 Nge7 9. c4 Nxd4 10. Bxd4 Nc6 11. Bf3 Qh4 12. g4 Be4 13. Bxe4 dxe4 14. Bc3 h5 15. g5 Qxg5+ 16. Kh1 Rd8 17. Nd2 Nxe5 18. f4 exf3 19. Qa4+ Rd7 20. Nxf3 Nxf3 21. Rxf3 b5 22. Qa6 Qc5 23. cxb5 Be7 24. Rg1 1/2-1/2

[Event "Oberliga Nord O 0708"]
[Site "Germany"]
[Date "2008.03.09"]
[Round "7.1"]
[White "Becker, Walter"]
[Black "Rosenthal, Dirk"]
[Result "1-0"]
[WhiteElo "2352"]
[BlackElo "2378"]
[PlyCount "81"]
[EventDate "2007.10.21"]
[EventType "team-tourn"]
[EventRounds "9"]
[EventCountry "GER"]
[SourceTitle "EXT 2009"]
[Source "ChessBase"]
[SourceDate "2008.11.26"]
[SourceVersion "1"]
[SourceVersionDate "2008.11.26"]
[SourceQuality "1"]
[WhiteTeam "Lasker Steglitz"]
[BlackTeam "Oberschoeneweide"]
[WhiteTeamCountry "GER"]
[BlackTeamCountry "GER"]

1. e4 e6 2. d4 d5 3. Nc3 Nf6 4. Bg5 Be7 5. e5 Nfd7 6. Bxe7 Qxe7 7. f4 0-0 8. Nf3 c5 9. Nb5 cxd4 10. Nc7 Nxe5 11. Nxa8 Ng4 12. Qxd4 Nc6 13. Qd2 e5 14. fxe5 Bf5 15. 0-0-0 Qc5 16. Bd3 Bxd3 17. Qxd3 Nf2 18. Qxd5 Qxd5 19. Rxd5 Nxh1 20. Nc7 Nf2 21. Rd7 Nb8 22. Rd4 Nc6 23. Rf4 Rc8 24. Nd5 Nd3+ 25. cxd3 Nb4+ 26. Kd2 Nxd5 27. Rd4 Nb6 28. a4 a5 29. b3 h6 30. Rd6 Na8 31. Nd4 Nc7 32. Nf5 Rb8 33. Rb6 Na6 34. Nd6 f6 35. exf6 gxf6 36. Nc4 Nc5 37. Nxa5 f5 38. d4 Ne4+ 39. Ke3 Rc8 40. Kf4 Rc2 41. Kxf5 1-0

[Event "Oberliga Nord O 0708"]
[Site "Germany"]
[Date "2007.10.21"]
[Round "1.1"]
[White "Becker, Walter"]
[Black "Rohde, Wolfgang"]
[Result "1-0"]
[WhiteElo "2352"]
[BlackElo "2226"]
[PlyCount "160"]
[EventDate "2007.10.21"]
[EventType "team-tourn"]
[EventRounds "9"]
[EventCountry "GER"]
[SourceTitle "EXT 2009"]
[Source "ChessBase"]
[SourceDate "2008.11.26"]
[SourceVersion "1"]
[SourceVersionDate "2008.11.26"]
[SourceQuality "1"]
[WhiteTeam "Lasker Steglitz"]
[BlackTeam "Friesen Lichtenberg"]
[WhiteTeamCountry "GER"]
[BlackTeamCountry "GER"]

1. e4 c5 2. Nf3 d6 3. c3 Nf6 4. Be2 Nc6 5. d4 e6 6. Nbd2 Qc7 7. 0-0 Be7 8. dxc5 dxc5 9. Qc2 0-0 10. a4 b6 11. Nc4 Ba6 12. Bg5 Bxc4 13. Bxc4 Ng4 14. Bxe7 Qxe7 15. Bb5 Nce5 16. Nxe5 Nxe5 17. Qe2 Rfd8 18. f4 Ng6 19. e5 Rac8 20. Kh1 Rd5 21. Bc4 Rd7 22. f5 Nf8 23. f6 Qd8 24. Rad1 Rcc7 25. Bb5 Rd5 26. Rxd5 exd5 27. fxg7 Kxg7 28. Qg4+ Ng6 29. Qf5 Qe7 30. Qf6+ Kg8 31. Re1 Rc8 32. g3 Rd8 33. h4 Qxf6 34. exf6 Rd6 35. Re8+ Nf8 36. Re5 Rxf6 37. Rxd5 h6 38. Kg2 Kg7 39. a5 Re6 40. a6 Re1 41. Kf3 Rb1 42. Rd2 Kf6 43. Ke4 Ne6 44. Kd5 Ra1 45. Kc6 Ra5 46. b4 Ra3 47. Kb7 Rxc3 48. Kxa7 Nc7 49. Kxb6 Nxa6 50. Bxa6 cxb4 51. Rd3 Kf5 52. Rd4 Rxg3 53. Rxb4 Ke5 54. Kc7 f5 55. Rb6 Rg7+ 56. Kd8 Rh7 57. h5 f4 58. Ke8 f3 59. Kf8 Ra7 60. Bb5 Kf4 61. Rf6+ Kg5 62. Rxf3 Kxh5 63. Rh3+ Kg5 64. Be8 Ra6 65. Kg7 Rb6 66. Rh5+ Kg4 67. Bg6 Rb8 68. Rxh6 Rb7+ 69. Bf7 Ra7 70. Kf6 Ra1 71. Be6+ Kg3 72. Kg5 Ra5+ 73. Bf5 Ra7 74. Rh3+ Kf2 75. Kf4 Rg7 76. Rf3+ Kg2 77. Rc3 Kf2 78. Rc2+ Ke1 79. Be4 Kd1 80. Ra2 Ke1 1-0

[Event "BL2-Nord 0607"]
[Site "Germany"]
[Date "2007.02.25"]
[Round "6.1"]
[White "Pedersen, Steffen"]
[Black "Becker, Walter"]
[Result "0-1"]
[WhiteElo "2435"]
[BlackElo "2355"]
[PlyCount "86"]
[EventDate "2006.10.15"]
[EventType "team-tourn"]
[EventRounds "9"]
[EventCountry "GER"]
[SourceTitle "EXT 2008"]
[Source "ChessBase"]
[SourceDate "2007.11.25"]
[SourceVersion "1"]
[SourceVersionDate "2007.11.25"]
[SourceQuality "1"]
[WhiteTeam "Preetz"]
[BlackTeam "Steglitz Wilmersdorf"]
[WhiteTeamCountry "GER"]
[BlackTeamCountry "GER"]

1. d4 Nf6 2. c4 e5 3. dxe5 Ne4 4. Qc2 d5 5. exd6 Bf5 6. Nc3 Nxd6 7. e4 Bg6 8. Be3 b6 9. 0-0-0 Nd7 10. c5 bxc5 11. Qa4 f6 12. Nf3 Rb8 13. e5 Rb4 14. Qc6 Rb6 15. Qd5 fxe5 16. Nxe5 Nxe5 17. Qxe5+ Qe7 18. Qxc5 Qe6 19. Qxc7 Be7 20. Qxa7 Rc6 21. Qa4 Qd7 22. Qb3 Qc7 23. Rxd6 Rxd6 24. Bc4 Rd8 25. Re1 Kf8 26. g3 Rc8 27. Be6 Rb8 28. Qc4 Qxc4 29. Bxc4 Bb4 30. a3 Be7 31. Bd4 Re8 32. f4 Bf7 33. Bxf7 Kxf7 34. b4 Rd8 35. Re4 Rd7 36. Kc2 Rhd8 37. Nb5 Rd5 38. a4 Bxb4 39. Bb6 Rc8+ 40. Kb3 Be7 41. Nc3 Rd2 42. a5 Bf6 43. Rc4 Rb2+ 0-1

[Event "GER-chT Betriebe"]
[Site "Berlin"]
[Date "2006.10.06"]
[Round "3.1"]
[White "Becker, Walter"]
[Black "Sondermann, Johannes"]
[Result "1/2-1/2"]
[WhiteElo "2303"]
[BlackElo "2163"]
[PlyCount "36"]
[EventDate "2006.10.05"]
[EventType "team-tourn"]
[EventRounds "7"]
[EventCountry "GER"]
[SourceTitle "EXT 2007"]
[Source "ChessBase"]
[SourceDate "2006.11.23"]
[SourceVersion "1"]
[SourceVersionDate "2006.11.23"]
[SourceQuality "1"]
[WhiteTeam "SK Praesident II"]
[BlackTeam "SG TaxiTeam/Wiheil"]
[WhiteTeamCountry "GER"]
[BlackTeamCountry "GER"]

1. e4 c5 2. Nf3 d6 3. Bb5+ Bd7 4. Bxd7+ Nxd7 5. 0-0 Ngf6 6. Qe2 e6 7. c3 Be7 8. d4 d5 9. e5 Ne4 10. Ne1 h6 11. f3 Ng5 12. Be3 c4 13. f4 Ne4 14. f5 exf5 15. Rxf5 Nf8 16. Nd2 Nxd2 17. Qxd2 Ne6 18. Nc2 Ng5 1/2-1/2

[Event "Berlin Unicorn op"]
[Site "Berlin"]
[Date "2005.05.06"]
[Round "4"]
[White "Becker, Walter"]
[Black "Jatzko, Reinhold"]
[Result "1-0"]
[WhiteElo "2339"]
[BlackElo "2042"]
[PlyCount "111"]
[EventDate "2005.05.04"]
[EventType "swiss"]
[EventRounds "7"]
[EventCountry "GER"]
[SourceTitle "CBM 106 Extra"]
[Source "ChessBase"]
[SourceDate "2005.07.01"]
[SourceVersion "1"]
[SourceVersionDate "2005.07.01"]
[SourceQuality "1"]

1. b3 d6 2. Bb2 e5 3. e3 g6 4. f4 Bg7 5. Nf3 Nc6 6. Bb5 Bd7 7. 0-0 f6 8. Nc3 Nh6 9. Nd5 0-0 10. fxe5 Nxe5 11. Bxd7 Qxd7 12. e4 Rae8 13. h3 Nxf3+ 14. Qxf3 f5 15. Bxg7 Qxg7 16. Rae1 Qd4+ 17. Qf2 Rxe4 18. Rxe4 Qxf2+ 19. Rxf2 fxe4 20. Nxc7 Rc8 21. Ne6 Re8 22. Nd4 a6 23. Rf6 Nf7 24. Ne6 d5 25. Kf2 Ne5 26. Nc7 Rc8 27. Nxd5 Rxc2 28. Ke3 Rxa2 29. Rb6 Nd7 30. Rxb7 Nc5 31. Nf6+ Kf8 32. Nxh7+ Kg8 33. Nf6+ Kf8 34. Nd7+ Nxd7 35. Rxd7 Rb2 36. Rb7 a5 37. Rb5 Kf7 38. g3 Kf6 39. Kxe4 Rxd2 40. Rxa5 Rb2 41. Rb5 Re2+ 42. Kf3 Rb2 43. h4 Rd2 44. b4 Rd3+ 45. Kf4 Rd4+ 46. Ke3 Rg4 47. Kf3 Rd4 48. Rb6+ Kg7 49. b5 Rd3+ 50. Kf4 Rd4+ 51. Ke3 Rb4 52. Kf3 Rb3+ 53. Kf4 Rc3 54. Rc6 Rb3 55. b6 Rb4+ 56. Ke5 1-0

[Event "Oberliga Nord O 0405"]
[Site "Germany"]
[Date "2005.01.16"]
[Round "5.3"]
[White "Syre, Christian"]
[Black "Becker, Walter"]
[Result "0-1"]
[WhiteElo "2237"]
[BlackElo "2303"]
[PlyCount "86"]
[EventDate "2004.10.24"]
[EventType "team-tourn"]
[EventRounds "9"]
[EventCountry "GER"]
[SourceTitle "EXT 2006"]
[Source "ChessBase"]
[SourceDate "2005.11.24"]
[SourceVersion "1"]
[SourceVersionDate "2005.11.24"]
[SourceQuality "1"]
[WhiteTeam "Oberschoeneweide"]
[BlackTeam "Lasker Steglitz"]
[WhiteTeamCountry "GER"]
[BlackTeamCountry "GER"]

1. Nf3 d5 2. d4 Nf6 3. c4 c6 4. cxd5 cxd5 5. Nc3 Nc6 6. Bf4 a6 7. e3 Bg4 8. h3 Bxf3 9. Qxf3 e6 10. Bd3 Be7 11. 0-0 0-0 12. Rac1 Rc8 13. Qe2 Qa5 14. a3 b5 15. Ra1 Qb6 16. a4 b4 17. Nb1 Ra8 18. Nd2 Na5 19. Rfc1 Rfc8 20. Rab1 Rc6 21. Rxc6 Qxc6 22. Qf1 b3 23. Rc1 Qxa4 24. Bxa6 Qb4 25. Nf3 Ne4 26. Bc7 Bd6 27. Bxa5 Qxa5 28. Ra1 Qb6 29. Bd3 Ra2 30. Rb1 f5 31. Qd1 Ra8 32. Bxe4 fxe4 33. Nd2 Rb8 34. Rc1 e5 35. Rc3 exd4 36. Rxb3 Qa7 37. exd4 Qxd4 38. Rxb8+ Bxb8 39. Qb3 Ba7 40. Qb5 Qxf2+ 41. Kh2 Qf4+ 42. Kh1 Qf7 43. Qc6 h6 0-1

[Event "Cala d'Or 2nd"]
[Site "Santanyi"]
[Date "2004.09.16"]
[Round "5"]
[White "Mascaro March, Pedro"]
[Black "Becker, Walter"]
[Result "1/2-1/2"]
[WhiteElo "2323"]
[BlackElo "2303"]
[PlyCount "40"]
[EventDate "2004.09.13"]
[EventType "tourn"]
[EventRounds "9"]
[EventCountry "ESP"]
[EventCategory "5"]
[SourceTitle "CBM 102 Extra"]
[Source "ChessBase"]
[SourceDate "2004.11.03"]
[SourceVersion "1"]
[SourceVersionDate "2004.11.03"]
[SourceQuality "1"]

1. d4 e6 2. c4 b6 3. Nc3 Bb7 4. a3 f5 5. Nf3 Nf6 6. e3 Be7 7. Be2 0-0 8. 0-0 Ne4 9. Qc2 d6 10. b4 Nd7 11. Bb2 Ndf6 12. Ne1 Nxc3 13. Bxc3 Qe8 14. Bf3 Be4 15. Qb2 Bxf3 16. Nxf3 b5 17. Nd2 a6 18. Qb3 d5 19. c5 c6 20. a4 Ne4 1/2-1/2

[Event "Cala d'Or 2nd"]
[Site "Santanyi"]
[Date "2004.09.15"]
[Round "4"]
[White "Becker, Walter"]
[Black "Thiede, Lars"]
[Result "1-0"]
[WhiteElo "2303"]
[BlackElo "2442"]
[PlyCount "75"]
[EventDate "2004.09.13"]
[EventType "tourn"]
[EventRounds "9"]
[EventCountry "ESP"]
[EventCategory "5"]
[SourceTitle "CBM 102 Extra"]
[Source "ChessBase"]
[SourceDate "2004.11.03"]
[SourceVersion "1"]
[SourceVersionDate "2004.11.03"]
[SourceQuality "1"]

1. e4 g6 2. d4 Bg7 3. Nc3 d6 4. Be3 Nd7 5. Qd2 a6 6. Nf3 b5 7. Bd3 Bb7 8. a4 b4 9. Ne2 Rb8 10. c3 bxc3 11. Nxc3 c5 12. dxc5 Nxc5 13. Bc2 Qc7 14. Bd4 e5 15. Bxc5 dxc5 16. a5 Bh6 17. Qe2 Ne7 18. Ba4+ Kf8 19. Rd1 Bc8 20. 0-0 Rb4 21. b3 Kg7 22. Nd5 Nxd5 23. exd5 e4 24. d6 Qxa5 25. d7 Bb7 26. Qb2+ f6 27. Rd6 Qd8 28. Re6 exf3 29. Rfe1 Bf4 30. Re7+ Kh6 31. Qxf6 Bxh2+ 32. Kxh2 Qf8 33. Rf7 Qb8+ 34. Re5 Qxe5+ 35. Qxe5 Rh4+ 36. Kg1 fxg2 37. f3 Rg8 38. Qe7 1-0

[Event "Cala d'Or 2nd"]
[Site "Santanyi"]
[Date "2004.09.15"]
[Round "3"]
[White "Breier, Andreas"]
[Black "Becker, Walter"]
[Result "0-1"]
[WhiteElo "2369"]
[BlackElo "2303"]
[PlyCount "146"]
[EventDate "2004.09.13"]
[EventType "tourn"]
[EventRounds "9"]
[EventCountry "ESP"]
[EventCategory "5"]
[SourceTitle "CBM 102 Extra"]
[Source "ChessBase"]
[SourceDate "2004.11.03"]
[SourceVersion "1"]
[SourceVersionDate "2004.11.03"]
[SourceQuality "1"]

1. d4 d5 2. c4 dxc4 3. e3 Nf6 4. Bxc4 g6 5. Qb3 e6 6. Nf3 Bg7 7. Qa3 Qd6 8. b4 Nc6 9. b5 Ne7 10. Qb3 c5 11. bxc6 Nxc6 12. Ba3 Qc7 13. Nbd2 Bf8 14. 0-0 Bxa3 15. Qxa3 Qe7 16. Qb2 0-0 17. e4 Nd7 18. e5 Nb6 19. Bb3 Na5 20. Ne4 Nxb3 21. Nf6+ Kg7 22. Qxb3 Bd7 23. Ng5 h6 24. Qh3 Bc6 25. Qh4 Rh8 26. Nge4 Bxe4 27. Qxe4 Rhd8 28. h4 Nd5 29. h5 Nxf6 30. exf6+ Qxf6 31. hxg6 Qxg6 32. Qxb7 a5 33. Rac1 a4 34. Rc3 Ra5 35. Rg3 Rg5 36. Rxg5 hxg5 37. Qb5 Rxd4 38. Rc1 Qf6 39. a3 Qf4 40. Re1 Rd5 41. Qe2 Qd4 42. Qf3 Qd3 43. Re3 Qd1+ 44. Qxd1 Rxd1+ 45. Kh2 Rd4 46. Re5 Kf6 47. Ra5 e5 48. f3 g4 49. Kg3 gxf3 50. gxf3 Rf4 51. Ra6+ Kf5 52. Ra5 Rc4 53. Ra7 Ke6 54. Kf2 f5 55. Ke2 Kd5 56. Kd3 e4+ 57. fxe4+ Rxe4 58. Ra8 Ke5 59. Rh8 Kf4 60. Rh4+ Kf3 61. Rh5 Kg4 62. Rh8 Kg3 63. Rh5 Kf4 64. Rh4+ Ke5 65. Rh8 Rg4 66. Ke2 Rg3 67. Rb8 Rxa3 68. Rb4 Ra1 69. Kf3 a3 70. Ra4 a2 71. Kg2 f4 72. Ra8 f3+ 73. Kh2 f2 0-1

[Event "Cala d'Or 2nd"]
[Site "Santanyi"]
[Date "2004.09.14"]
[Round "2"]
[White "Becker, Walter"]
[Black "Langrock, Hannes"]
[Result "1/2-1/2"]
[WhiteElo "2303"]
[BlackElo "2409"]
[PlyCount "99"]
[EventDate "2004.09.13"]
[EventType "tourn"]
[EventRounds "9"]
[EventCountry "ESP"]
[EventCategory "5"]
[SourceTitle "CBM 102 Extra"]
[Source "ChessBase"]
[SourceDate "2004.11.03"]
[SourceVersion "1"]
[SourceVersionDate "2004.11.03"]
[SourceQuality "1"]

1. e4 c5 2. Nf3 e6 3. d3 b6 4. g3 Bb7 5. Bg2 d6 6. 0-0 Nf6 7. Re1 Be7 8. c3 0-0 9. Nbd2 Nbd7 10. d4 cxd4 11. cxd4 Qc7 12. b3 Rac8 13. Ba3 b5 14. e5 Nd5 15. Ne4 b4 16. Bb2 Nc3 17. Nxc3 bxc3 18. Ba3 Nb6 19. Rc1 dxe5 20. Bxe7 Qxe7 21. Nxe5 Rfd8 22. Bxb7 Qxb7 23. Qf3 Qxf3 24. Nxf3 Nd5 25. Ne5 a5 26. Red1 Nb4 27. a3 Nd5 28. Nd3 Rc6 29. b4 axb4 30. Nxb4 Nxb4 31. axb4 Kf8 32. Rd3 c2 33. Rd2 Rc4 34. b5 Rdc8 35. b6 Ke7 36. b7 Rb8 37. Rcxc2 Rxc2 38. Rxc2 Rxb7 39. f4 Kd6 40. Kf2 Kd5 41. Ke3 Rb3+ 42. Kf2 Kxd4 43. Rc7 Rb2+ 44. Kf3 Rxh2 45. Rd7+ Kc5 46. Rxf7 g6 47. g4 Kd6 48. Ra7 Rh1 49. Ra6+ Kd5 50. Ra5+ 1/2-1/2

[Event "Berlin Lichtenberger Sommer 3th"]
[Site "Berlin"]
[Date "2004.08.19"]
[Round "6.6"]
[White "Figura, Atila Gajo"]
[Black "Becker, Walter"]
[Result "1/2-1/2"]
[WhiteElo "2164"]
[BlackElo "2300"]
[PlyCount "119"]
[EventDate "2004.08.14"]
[EventType "swiss"]
[EventRounds "9"]
[EventCountry "GER"]
[SourceTitle "EXT 2022"]
[Source "ChessBase"]
[SourceDate "2021.10.06"]
[SourceVersion "1"]
[SourceVersionDate "2021.10.06"]
[SourceQuality "1"]

1. d4 Nf6 2. c4 e6 3. Nc3 Bb4 4. Qc2 c5 5. dxc5 0-0 6. a3 Bxc5 7. Nf3 d5 8. cxd5 exd5 9. Bg5 Be6 10. e3 h6 11. Bh4 Nc6 12. Be2 Rc8 13. Rd1 Be7 14. 0-0 Ne4 15. Nxe4 Bxh4 16. Nxh4 Qxh4 17. Nd6 Nd4 18. Rxd4 Rxc2 19. Rxh4 Rxe2 20. Rb4 b6 21. Nb5 a5 22. Rb3 d4 23. Nxd4 Bxb3 24. Nxe2 Bc4 25. Re1 Bxe2 26. Rxe2 Rc8 27. g4 Kf8 28. Kg2 Ke7 29. Rd2 Ke6 30. h3 g6 31. Kf3 Rc1 32. Rd3 Rc5 33. Kg3 h5 34. f3 hxg4 35. hxg4 Rb5 36. b3 Rc5 37. f4 Rc1 38. Kf3 b5 39. a4 bxa4 40. bxa4 Rf1+ 41. Ke2 Ra1 42. Rd4 f6 43. Kf2 Ra3 44. Kf3 Ra1 45. Ke4 f5+ 46. Kf3 Rf1+ 47. Kg2 Ra1 48. g5 Ra2+ 49. Kf3 Ra1 50. e4 Ra3+ 51. Ke2 fxe4 52. Rxe4+ Kf5 53. Rd4 Kg4 54. Kd2 Rf3 55. Rd5 Rxf4 56. Rxa5 Rb4 57. Kd3 Kf4 58. Kc3 Re4 59. Kb3 Re3+ 60. Kb4 1/2-1/2

[Event "Berlin Lichtenberger Sommer 3th"]
[Site "Berlin"]
[Date "2004.08.18"]
[Round "5.9"]
[White "Becker, Walter"]
[Black "Lehmann, Karl Heinz"]
[Result "1-0"]
[WhiteElo "2300"]
[BlackElo "2072"]
[PlyCount "135"]
[EventDate "2004.08.14"]
[EventType "swiss"]
[EventRounds "9"]
[EventCountry "GER"]
[SourceTitle "EXT 2022"]
[Source "ChessBase"]
[SourceDate "2021.10.06"]
[SourceVersion "1"]
[SourceVersionDate "2021.10.06"]
[SourceQuality "1"]

1. e4 c5 2. Nf3 e6 3. d3 d6 4. g3 g6 5. Bg2 Bg7 6. 0-0 Nc6 7. c3 Nge7 8. Be3 b6 9. d4 Bb7 10. Na3 cxd4 11. Nxd4 d5 12. exd5 Nxd5 13. Nxc6 Bxc6 14. Bd4 0-0 15. Bxg7 Kxg7 16. f4 Rc8 17. Re1 Nf6 18. Qxd8 Rfxd8 19. Rad1 Bxg2 20. Kxg2 Nd5 21. Kf3 a6 22. Rd4 b5 23. Red1 Rc7 24. Nc2 Rb8 25. Ne3 Nb6 26. Rd8 Rcc8 27. Rxc8 Rxc8 28. Rd6 Rb8 29. b3 Kf8 30. Rc6 Ke7 31. Rc7+ Nd7 32. Ra7 Rb6 33. c4 Ke8 34. g4 h6 35. h4 Rd6 36. Ke2 f5 37. gxf5 gxf5 38. Rb7 bxc4 39. Nxc4 Rd4 40. Ke3 Re4+ 41. Kf3 Rd4 42. Ra7 Nc5 43. Ne5 Rd6 44. Ke3 Ne4 45. Nc4 Rc6 46. Kd4 Nf6 47. a4 Nd5 48. Ke5 Nc7 49. Rb7 Ke7 50. Kd4 Kd8 51. Rb8+ Ke7 52. Rb7 Kd8 53. Rb6 Rxb6 54. Nxb6 Ke7 55. Kc5 Ne8 56. Nc4 Nc7 57. Ne5 Nd5 58. Nd3 Kd7 59. b4 Kc7 60. a5 Nc3 61. Ne5 Ne4+ 62. Kc4 h5 63. Nd3 Kc6 64. Nc5 Nd6+ 65. Kd4 Kb5 66. Ke5 Nc4+ 67. Kxe6 Ne3 68. Kf6 1-0

[Event "Berlin Lichtenberger Sommer 3th"]
[Site "Berlin"]
[Date "2004.08.14"]
[Round "1.9"]
[White "Becker, Walter"]
[Black "Idaczek, Guenter"]
[Result "1/2-1/2"]
[WhiteElo "2300"]
[BlackElo "1838"]
[PlyCount "105"]
[EventDate "2004.08.14"]
[EventType "swiss"]
[EventRounds "9"]
[EventCountry "GER"]
[SourceTitle "EXT 2022"]
[Source "ChessBase"]
[SourceDate "2021.10.06"]
[SourceVersion "1"]
[SourceVersionDate "2021.10.06"]
[SourceQuality "1"]

1. e4 c5 2. Nf3 d6 3. Bb5+ Bd7 4. Bxd7+ Qxd7 5. 0-0 Nc6 6. c3 g6 7. d4 cxd4 8. cxd4 Bg7 9. Nc3 e6 10. d5 Ne5 11. Nd4 exd5 12. Nxd5 Ne7 13. Nxe7 Qxe7 14. Nb5 0-0 15. Qxd6 Qh4 16. f4 Ng4 17. h3 Rfd8 18. Qa3 Bf8 19. Qf3 Bc5+ 20. Kh1 Nf2+ 21. Rxf2 Qxf2 22. Qxf2 Bxf2 23. Nc3 Rd3 24. f5 Rad8 25. Bg5 R8d6 26. e5 R6d4 27. e6 fxe6 28. fxe6 Rxc3 29. bxc3 Re4 30. Rf1 Bc5 31. Rd1 Rxe6 32. Rd8+ Kf7 33. Rd7+ Kg8 34. h4 Bd6 35. g4 b5 36. Rxa7 Re4 37. Rd7 Be5 38. Rd5 Bxc3 39. Rxb5 Re1+ 40. Kg2 Re2+ 41. Kf3 Rxa2 42. Rb8+ Kf7 43. Rb7+ Kg8 44. Bh6 Ra4 45. Rb8+ Kf7 46. Rf8+ Ke7 47. Rc8 Be5 48. Bg5+ Kf7 49. Rd8 Rd4 50. Ra8 Rd7 51. h5 gxh5 52. gxh5 Bf6 53. Bxf6 1/2-1/2

[Event "Oberliga Nord O 0304"]
[Site "Germany"]
[Date "2004.03.28"]
[Round "8.2"]
[White "Postler, Reinhard"]
[Black "Becker, Walter"]
[Result "1/2-1/2"]
[WhiteElo "2279"]
[BlackElo "2298"]
[PlyCount "158"]
[EventDate "2003.10.12"]
[EventType "team-tourn"]
[EventRounds "9"]
[EventCountry "GER"]
[SourceTitle "EXT 2005"]
[Source "ChessBase"]
[SourceDate "2004.11.15"]
[SourceVersion "1"]
[SourceVersionDate "2004.11.15"]
[SourceQuality "1"]
[WhiteTeam "Oberschoeneweide"]
[BlackTeam "Lasker Steglitz"]
[WhiteTeamCountry "GER"]
[BlackTeamCountry "GER"]

1. e4 e6 2. d4 d5 3. Nd2 Nf6 4. e5 Nfd7 5. f4 c5 6. c3 Nc6 7. Ndf3 cxd4 8. cxd4 a5 9. a4 Nb4 10. Ne2 b6 11. Nc3 Ba6 12. Nb5 Rc8 13. Kf2 Be7 14. Bd2 0-0 15. Bxb4 Bxb4 16. Bd3 f6 17. h4 Bxb5 18. axb5 f5 19. Rc1 Nb8 20. h5 Be7 21. Rxc8 Qxc8 22. Qg1 Nd7 23. g4 Nc5 24. Bb1 Ne4+ 25. Ke3 Qc4 26. gxf5 Qb3+ 27. Bd3 Rxf5 28. Qc1 Nf2 29. Kxf2 Qxd3 30. Kg3 Qxb5 31. Qc8+ Kf7 32. Rc1 Qd3 33. Rc7 Qe3 34. Rxe7+ Kxe7 35. Qc7+ Ke8 36. Qc8+ Ke7 37. Qc7+ Ke8 38. Qc8+ Kf7 39. Qd7+ Kf8 40. Qc8+ Kf7 41. Qd7+ Kg8 42. Qxe6+ Rf7 43. f5 Qd3 44. f6 gxf6 45. exf6 h6 46. Qxd5 b5 47. Kf4 Qc4 48. Qf5 Qc7+ 49. Kg4 Qd7 50. d5 Qd6 51. Qg6+ Kf8 52. Qxh6+ Ke8 53. Qe3+ Kd8 54. Ne5 Rxf6 55. Nc6+ Kc8 56. Kg5 Qf8 57. Qe5 Rd6 58. Ne7+ Kd7 59. Ng6 Qf7 60. Nf4 Qg8+ 61. Kh4 Qf7 62. Kg3 Rf6 63. Qb8 Qe7 64. Qxb5+ Kc8 65. Ne6 Qd6+ 66. Kg4 Rf2 67. h6 Rg2+ 68. Kf5 Rf2+ 69. Ke4 Qb4+ 70. Qxb4 axb4 71. b3 Rh2 72. Kd4 Rxh6 73. Kc5 Kd7 74. Nd4 Rh4 75. Nc6 Rh3 76. Ne5+ Ke7 77. d6+ Ke6 78. d7 Rh8 79. Ng6 Rd8 1/2-1/2

[Event "Oberliga Nord O 0304"]
[Site "Germany"]
[Date "2004.03.07"]
[Round "7.2"]
[White "Becker, Walter"]
[Black "Welz, Peter"]
[Result "1/2-1/2"]
[WhiteElo "2298"]
[BlackElo "2111"]
[PlyCount "158"]
[EventDate "2003.10.12"]
[EventType "team-tourn"]
[EventRounds "9"]
[EventCountry "GER"]
[SourceTitle "EXT 2005"]
[Source "ChessBase"]
[SourceDate "2004.11.15"]
[SourceVersion "1"]
[SourceVersionDate "2004.11.15"]
[SourceQuality "1"]
[WhiteTeam "Lasker Steglitz"]
[BlackTeam "Berlin Empor"]
[WhiteTeamCountry "GER"]
[BlackTeamCountry "GER"]

1. e4 e6 2. d3 d5 3. Qe2 Be7 4. Nf3 Nf6 5. g3 c5 6. Bg2 Nc6 7. e5 Nd7 8. 0-0 b5 9. a4 b4 10. c4 bxc3 11. bxc3 Rb8 12. c4 dxc4 13. dxc4 Na5 14. Nc3 Nb3 15. Ra2 Nxc1 16. Rxc1 a6 17. h4 Qc7 18. Re1 Bb7 19. Nd2 Bxg2 20. Kxg2 0-0 21. f4 Rb4 22. Kh3 Rfb8 23. Nce4 Rb2 24. Rxb2 Rxb2 25. Rb1 Rxb1 26. Nxb1 Nb8 27. Nbd2 Nc6 28. Nf3 f5 29. exf6 gxf6 30. Nh2 f5 31. Ng5 e5 32. Qh5 Bf8 33. Qe8 exf4 34. Qxf8+ Kxf8 35. Ne6+ Ke7 36. Nxc7 fxg3 37. Kxg3 Kd6 38. Nd5 Na5 39. Kf4 Nxc4 40. Nf6 Nb2 41. a5 Nc4 42. Nxh7 Nxa5 43. Ng5 Nc6 44. Kxf5 a5 45. Nhf3 a4 46. Nd2 Ne7+ 47. Ke4 Ng8 48. Nc4+ Ke7 49. Ke5 Kf8 50. Ne4 Kg7 51. Kf5 Kh6 52. Kg4 Ne7 53. Ned6 Ng8 54. Nf7+ Kg7 55. Nfe5 Kh6 56. Nd7 Kg6 57. Nce5+ Kh6 58. Nc4 Kg6 59. Nde5+ Kh6 60. Nd7 Kg6 61. h5+ Kh6 62. Kh4 Ne7 63. Nde5 a3 64. Ng4+ Kh7 65. Nxa3 Nf5+ 66. Kg5 Nd6 67. Nf6+ Kh8 68. Kg6 c4 69. Nc2 c3 70. Nd5 Nc4 71. Nd4 Ne5+ 72. Kf5 Nf3 73. Nc2 Kh7 74. Nce3 Nd4+ 75. Kg5 c2 76. Nf6+ Kh8 77. Nxc2 Nxc2 78. Kg6 Nd4 79. h6 Nf5 1/2-1/2

[Event "Oberliga Nord O 0304"]
[Site "Germany"]
[Date "2003.12.14"]
[Round "4.2"]
[White "Becker, Walter"]
[Black "Schulz, Karsten"]
[Result "0-1"]
[WhiteElo "2298"]
[BlackElo "2364"]
[PlyCount "48"]
[EventDate "2003.10.12"]
[EventType "team-tourn"]
[EventRounds "9"]
[EventCountry "GER"]
[SourceTitle "EXT 2005"]
[Source "ChessBase"]
[SourceDate "2004.11.15"]
[SourceVersion "1"]
[SourceVersionDate "2004.11.15"]
[SourceQuality "1"]
[WhiteTeam "Lasker Steglitz"]
[BlackTeam "Cottbus"]
[WhiteTeamCountry "GER"]
[BlackTeamCountry "GER"]

1. e4 g6 2. d4 Bg7 3. Nc3 d5 4. exd5 Nf6 5. Bb5+ Nbd7 6. Bg5 0-0 7. Bxd7 Qxd7 8. Bxf6 Bxf6 9. Nf3 b5 10. Ne5 Bxe5 11. dxe5 b4 12. Ne2 Ba6 13. a3 b3 14. Rc1 Qg4 15. f4 Bxe2 16. Qxe2 Qxf4 17. Kd1 Qd4+ 18. Qd3 Qxe5 19. Re1 Qxh2 20. Rxe7 Rfe8 21. Rxe8+ Rxe8 22. cxb3 Qxg2 23. Rc4 Qf2 24. Qd2 Qf1+ 0-1